Asbestos litigation in the United Kingdom: an interim report (Record no. 94551)
[ view plain ]
| 000 -LEADER | |
|---|---|
| fixed length control field | 00817cam a2200265 4500 |
| 008 - FIXED-LENGTH DATA ELEMENTS--GENERAL INFORMATION | |
| fixed length control field | 090401t1988 xxu||||| |||| 00| 0 eng d |
| 020 ## - INTERNATIONAL STANDARD BOOK NUMBER | |
| International Standard Book Number | 0948774207 |
| 035 ## - SYSTEM CONTROL NUMBER | |
| System control number | (Sirsi) u63406 |
| 041 ## - LANGUAGE CODE | |
| Language code of text/sound track or separate title | eng |
| 050 ## - LIBRARY OF CONGRESS CALL NUMBER | |
| Classification number | 549.66 |
| 100 ## - MAIN ENTRY--PERSONAL NAME | |
| Personal name | Felstiner, William L.F |
| 245 ## - TITLE STATEMENT | |
| Title | Asbestos litigation in the United Kingdom: an interim report |
| 260 ## - PUBLICATION, DISTRIBUTION, ETC. | |
| Place of publication, distribution, etc. | Oxford |
| Name of publisher, distributor, etc. | Centre for Socio-Legal Studies |
| Date of publication, distribution, etc. | 1988 |
| 300 ## - PHYSICAL DESCRIPTION | |
| Extent | 19p. ; 30cm. |
| 350 ## - PRICE (NR) (BK AM CF MU VM SE) [OBSOLETE] | |
| Price | 4.95 |
| 520 ## - SUMMARY, ETC. | |
| Summary, etc. | Published jointly with the American Bar Foundation . Part of a study comparing the situation in the U.K. and the U.S.A. |
| 650 ## - SUBJECT ADDED ENTRY--TOPICAL TERM | |
| Topical term or geographic name entry element | ASBESTOS-INDUCED DISEASES |
| 650 ## - SUBJECT ADDED ENTRY--TOPICAL TERM | |
| Topical term or geographic name entry element | ASBESTOSIS |
| 650 ## - SUBJECT ADDED ENTRY--TOPICAL TERM | |
| Topical term or geographic name entry element | COMPENSATION |
| 650 ## - SUBJECT ADDED ENTRY--TOPICAL TERM | |
| Topical term or geographic name entry element | UNIVERSITY OF OXFORD |
| 650 ## - SUBJECT ADDED ENTRY--TOPICAL TERM | |
| Topical term or geographic name entry element | WOLFSON COLLEGE |
| 700 ## - ADDED ENTRY--PERSONAL NAME | |
| Personal name | Dingwall, Robert |
| 942 ## - ADDED ENTRY ELEMENTS (KOHA) | |
| Suppress in OPAC | 0 |
| 948 ## - LOCAL PROCESSING INFORMATION (OCLC); SERIES PART DESIGNATOR (RLIN) | |
| c (OCLC) | 04/03/1997 |
| Withdrawn status | Lost status | Source of classification or shelving scheme | Damaged status | Not for loan | Home library | Current library | Shelving location | Date acquired | Cost, normal purchase price | Total Checkouts | Full call number | Barcode | Date last seen | Date last checked out | Copy number | Cost, replacement price | Price effective from | Koha item type |
|---|---|---|---|---|---|---|---|---|---|---|---|---|---|---|---|---|---|---|
| Dewey Decimal Classification | London | London | Basement | 14/09/1999 | 4.95 | 3 | BASEMENT | 30004186 | 06/08/2019 | 29/05/2001 | 1 | 4.95 | 06/08/2019 | Book |